| 000 | 00976nam a2200289 a 4500 | ||
|---|---|---|---|
| 001 | 000014881 | ||
| 005 | 20200929163921.0 | ||
| 008 | 100126s1984 ag a 000 0bspa d | ||
| 020 | _a9501502848 | ||
| 040 |
_aDO-SdBNP _bspa _cBNPHU |
||
| 041 | 1 | 7 |
_aspa _heng _2Código de idioma MARC |
| 082 |
_a927.8 _bA773H |
||
| 100 | 1 |
_aHorowitz, Joseph, _d1948- _933704 |
|
| 240 | 1 | 0 |
_aConversations with arrau. _lEspañol |
| 245 | 1 | 0 |
_aArrau / _cJoseph Horowitz ; traducción de Claudia Adán. |
| 260 |
_aBuenos Aires : _bJavier Vergara, _c1984. |
||
| 300 |
_a318 p. : _bil. ; _c22 cm. |
||
| 490 | 1 | _aBiografía e historia | |
| 534 |
_pTítulo original en inglés: _tConversations with arrau |
||
| 600 | 1 | 0 |
_aARRAU, CLAUDIO _d1903-1991 _vBIOGRAFÍA _933705 |
| 650 | 4 |
_aPianistas _vENTREVISTAS _933706 |
|
| 650 | 4 |
_aSonetos chilenos _933707 |
|
| 650 | 4 |
_aMusica para piano _933708 |
|
| 700 | 1 |
_aAdán, Claudia, _etr. _933709 |
|
| 830 | 0 |
_aBiografía e historia _933710 |
|
| 049 | _aBNGR | ||
| 999 |
_c14461 _d14461 |
||